[Event "Caro Special"]
[Site "SchemingMind.com"]
[Date "2016.12.22"]
[Round "-"]
[White "franxxx"]
[Black "Wojtek26"]
[Result "0-1"]
[WhiteCountry "PHI"]
[BlackCountry "POL"]
[WhiteElo "1205"]
[WhiteRD "114"]
[BlackElo "1573"]
[BlackRD "51"]
[GameID "408346"]

1. e4 c6 2. d4 d5 3. e5 Bf5 4. Na3 e6 5. Bd2 f6 6. Nf3 Nd7 7. b4 fxe5 8. b5 e4 9. Ng5 h6 10. Nh3 Bxh3
11. gxh3 Qb6 12. Nc4 Qd8 13. Qh5+ Ke7 14. Bg5+ Ndf6 15. Bxf6+ Nxf6 16. Qe5 cxb5 17. Ne3 Rc8 18. Nf5+ Ke8 19. Qxe6+ Be7 20. Nxg7+ Kf8
21. Rg1 Bb4+ 22. Kd1 Rg8 23. Rg6 Rc6 24. Qf5 Rxg7 25. Rxh6 Kf7 26. Bxb5 Rb6 27. Be2 Rg1+ 28. Bf1 Qg8 29. Rxf6+ Rxf6 30. Qd7+ Be7
31. Ke1 Qg2 32. Qxd5+ Kg7 33. Ke2 Qxf2+ 34. Kd1 Rxf1#
0-1

[Event "Caro Special"]
[Site "SchemingMind.com"]
[Date "2016.12.24"]
[Round "-"]
[White "Glenn O'Brien"]
[Black "Scooter"]
[Result "1-0"]
[WhiteCountry "AUS"]
[BlackCountry "USA"]
[WhiteElo "2035"]
[WhiteRD "82"]
[BlackElo "1717"]
[BlackRD "54"]
[GameID "408402"]

1. e4 c6 2. d4 d5 3. e5 Bf5 4. Nf3 e6 5. Be2 Nd7 6. O-O Qc7 7. Nh4 O-O-O 8. Nxf5 exf5 9. c4 Nb6 10. c5 Nd7
11. Nc3 g6 12. Qa4 Kb8 13. f4 Ne7 14. Rf3 h6 15. b4 Bg7 16. b5 Nc8 17. bxc6 Qxc6 18. Bb5 Qc7 19. Nxd5
1-0

[Event "Caro Special"]
[Site "SchemingMind.com"]
[Date "2016.12.23"]
[Round "-"]
[White "Scooter"]
[Black "Glenn O'Brien"]
[Result "0-1"]
[WhiteCountry "USA"]
[BlackCountry "AUS"]
[WhiteElo "1717"]
[WhiteRD "54"]
[BlackElo "2035"]
[BlackRD "82"]
[GameID "408403"]

1. e4 c6 2. d4 d5 3. e5 Bf5 4. Bd3 Bxd3 5. Qxd3 e6 6. Nf3 Nd7 7. O-O Ne7 8. Bg5 Qb6 9. b3 c5 10. c3 Nc6
11. dxc5 Nxc5 12. Qe2 Ne4 13. Be3 Bc5 14. Bxc5 Qxc5 15. Qd3 Qa5 16. c4 Nb4 17. Qe2 O-O 18. cxd5 exd5 19. a3 Nc6 20. Nbd2 Nxd2
21. Nxd2 Qc3 22. f4 Nd4 23. Qd1 Nc2 24. Rf3 Qxa1
0-1

[Event "Caro Special"]
[Site "SchemingMind.com"]
[Date "2016.12.24"]
[Round "-"]
[White "Glenn O'Brien"]
[Black "ray winteringham"]
[Result "1-0"]
[WhiteCountry "AUS"]
[BlackCountry "ENG"]
[WhiteElo "2042"]
[WhiteRD "83"]
[BlackElo "1486"]
[BlackRD "52"]
[GameID "408404"]

1. e4 c6 2. d4 d5 3. e5 Bf5 4. Nf3 e6 5. Be2 Bb4+ 6. c3 Ba5 7. O-O Ne7 8. Nh4 Nd7 9. Bg5 Qb6 10. b4 h6
11. Bxe7 Kxe7 12. Nxf5+ exf5 13. Qa4 Bxb4 14. Qxb4+ Qxb4 15. cxb4 Rhe8 16. f4 Kf8 17. Nc3 f6 18. Bh5 Red8 19. e6 Nb6 20. Bg6 Nc4
21. Bxf5 Re8 22. Rae1 a5 23. b5 a4 24. Bd3 Nd6 25. bxc6 bxc6 26. Rf3 Kg8 27. Bc2 a3 28. Nb1 Nb5 29. Rd3 Ra7 30. Kh1 Rae7
31. f5 Rb8 32. Nxa3 Nd6 33. Rb3 Rc8 34. Bb1 Kf8 35. Bd3 Rce8 36. Rc3 Nf7 37. Rxc6 Nd8 38. Rc5 Kg8 39. Rxd5 Ra7 40. Bb5 Ree7
41. Rxd8+ Kh7 42. d5
1-0

[Event "Caro Special"]
[Site "SchemingMind.com"]
[Date "2016.12.23"]
[Round "-"]
[White "ray winteringham"]
[Black "Glenn O'Brien"]
[Result "0-1"]
[WhiteCountry "ENG"]
[BlackCountry "AUS"]
[WhiteElo "1495"]
[WhiteRD "52"]
[BlackElo "2035"]
[BlackRD "82"]
[GameID "408405"]

1. e4 c6 2. d4 d5 3. e5 Bf5 4. Bd3 Bxd3 5. Qxd3 e6 6. Ne2 c5 7. dxc5 Bxc5 8. Be3 Be7 9. Nbc3 Nc6 10. Qb5 a6
11. Qxb7 Nxe5 12. Bb6 Rb8 13. Bxd8 Rxb7 14. Bxe7 Nxe7 15. b3 O-O 16. Rc1 Rc8 17. O-O Rbc7 18. Rfd1 Rxc3 19. Nxc3 Rxc3 20. a4 Nf5
21. h3 Nc6 22. g4 Nfd4 23. Kf1 Rxh3 24. Kg2 Rc3 25. b4 f6 26. Rd3 Rxc2 27. Rxc2 Nxc2 28. b5 axb5 29. axb5 Ne1+
0-1

[Event "Caro Special"]
[Site "SchemingMind.com"]
[Date "2016.12.24"]
[Round "-"]
[White "Glenn O'Brien"]
[Black "Stephen Woodhouse"]
[Result "1-0"]
[WhiteCountry "AUS"]
[BlackCountry "ENG"]
[WhiteElo "2043"]
[WhiteRD "83"]
[BlackElo "1890"]
[BlackRD "50"]
[GameID "408406"]

1. e4 c6 2. d4 d5 3. e5 Bf5 4. Nf3 e6 5. Be2 c5 6. Be3 cxd4 7. Nxd4 Ne7 8. c4 Nbc6 9. Qa4 Qd7 10. Nb5 a6
11. Nd6+ Kd8 12. Bb6+
1-0

[Event "Caro Special"]
[Site "SchemingMind.com"]
[Date "2016.12.23"]
[Round "-"]
[White "Stephen Woodhouse"]
[Black "Glenn O'Brien"]
[Result "0-1"]
[WhiteCountry "ENG"]
[BlackCountry "AUS"]
[WhiteElo "1924"]
[WhiteRD "53"]
[BlackElo "2035"]
[BlackRD "82"]
[GameID "408407"]

1. e4 c6 2. d4 d5 3. e5 Bf5 4. Nc3 e6 5. g4 Bg6 6. Nge2 c5 7. h4 h5 8. Nf4 Bh7 9. Nxh5 cxd4 10. Nb5 Nc6
11. Nxd4 Nge7 12. c3 a6 13. Rh3 Nxe5 14. Bg5 Qc7 15. Qa4+ N7c6 16. Bf4 O-O-O 17. Bd3 Nxd3+ 18. Rxd3 e5 19. Nxc6 Qxc6 20. Qxc6+ bxc6
21. Re3 exf4 22. Nxf4 Be4 23. h5 Bc5
0-1

[Event "Caro Special"]
[Site "SchemingMind.com"]
[Date "2016.12.24"]
[Round "-"]
[White "Glenn O'Brien"]
[Black "frankly"]
[Result "0-1"]
[WhiteCountry "AUS"]
[BlackCountry "ENG"]
[WhiteElo "2042"]
[WhiteRD "83"]
[BlackElo "2506"]
[BlackRD "59"]
[GameID "408408"]

1. e4 c6 2. d4 d5 3. e5 Bf5 4. Nf3 e6 5. Be2 Nd7 6. O-O Ne7 7. Nh4 c5 8. c3 Be4 9. Nd2 Nc6 10. Nxe4 cxd4
11. Bg5 Qb8 12. Nd6+ Bxd6 13. exd6 dxc3 14. bxc3 Qxd6 15. c4 d4 16. Bd3 Nc5 17. Nf3 e5 18. Qb1 Nxd3 19. Qxd3 O-O 20. Bc1 Qg6
21. Qxg6 hxg6 22. Rb1 b6 23. Rb5 f6 24. Nh4 Rfd8 25. Nxg6 Kf7 26. Nh4 Na5 27. c5 Rd5 28. f4 e4 29. Re1 e3 30. Nf3 Nc6
31. Ba3 Re8 32. Reb1 d3 33. cxb6 Rxb5 34. Rxb5 d2 35. Rd5 Rd8 36. Bd6 Nb4 37. Rd4 Nc2 38. Rd5 Ke6 39. Rxd2 exd2 40. Nxd2 Rxd6
41. b7 Rb6 42. Nb3 Kd6 43. Na5 Kc7 44. Kf2 Rb2 45. Nc4 Rb4 46. Ne3 Nxe3 47. Kxe3 g5 48. fxg5 fxg5 49. b8=R Kxb8 50. a3 Ra4
51. Kd3 Rxa3+
0-1

[Event "Caro Special"]
[Site "SchemingMind.com"]
[Date "2016.12.23"]
[Round "-"]
[White "frankly"]
[Black "Glenn O'Brien"]
[Result "1-0"]
[WhiteCountry "ENG"]
[BlackCountry "AUS"]
[WhiteElo "2506"]
[WhiteRD "59"]
[BlackElo "2042"]
[BlackRD "83"]
[GameID "408409"]

1. e4 c6 2. d4 d5 3. e5 Bf5 4. Nf3 e6 5. Be2 Nd7 6. O-O Ne7 7. Nc3 c5 8. Bg5 Qb6 9. dxc5 Nxc5 10. Be3 Nc6
11. Nb5 O-O-O 12. c3 a6 13. Nd6+ Bxd6 14. exd6 Rxd6 15. b4 Rd7 16. Bxc5 Qc7 17. b5 axb5 18. a4 b6 19. axb5 Nb8 20. Bb4 e5
21. Qb3 Kb7 22. Rfc1 f6 23. c4 Qd8 24. cxd5 Rc7 25. d6 Rxc1+ 26. Rxc1 Bc8 27. Nxe5 fxe5 28. Bf3+ e4 29. Bxe4+ Nc6 30. Bxc6+ Kb8
31. Ra1 Bb7 32. Bxb7 Kxb7 33. Qd5+ Kc8 34. Qc6+ Kb8 35. Ra8#
1-0

[Event "Caro Special"]
[Site "SchemingMind.com"]
[Date "2016.12.24"]
[Round "-"]
[White "Glenn O'Brien"]
[Black "Wojtek26"]
[Result "1-0"]
[WhiteCountry "AUS"]
[BlackCountry "POL"]
[WhiteElo "2035"]
[WhiteRD "82"]
[BlackElo "1536"]
[BlackRD "48"]
[GameID "408410"]

1. e4 c6 2. d4 d5 3. e5 Bf5 4. Nf3 e6 5. Be2 c5 6. Be3 c4 7. O-O f6 8. Nc3 Bb4 9. Nh4 Ne7 10. Bh5+ g6
11. exf6 Ng8 12. Nxf5 exf5 13. Bf3 Nxf6 14. Bg5 Bxc3 15. Qe2+ Kf7 16. Bxf6 Kxf6 17. Qe5+ Kf7 18. Bxd5+
1-0

[Event "Caro Special"]
[Site "SchemingMind.com"]
[Date "2016.12.24"]
[Round "-"]
[White "Wojtek26"]
[Black "Glenn O'Brien"]
[Result "0-1"]
[WhiteCountry "POL"]
[BlackCountry "AUS"]
[WhiteElo "1573"]
[WhiteRD "51"]
[BlackElo "2042"]
[BlackRD "83"]
[GameID "408411"]

1. e4 c6 2. d4 d5 3. e5 Bf5 4. Bd3 Bxd3 5. Qxd3 e6 6. Be3 Nd7 7. Nf3 Ne7 8. Bg5 h6 9. Bh4 Qb6 10. b3 Nf5
11. Bg3 c5 12. O-O cxd4 13. Nbd2 Bb4 14. a3 Nc5 15. Qe2 Bxd2 16. Nxd2 Nxg3 17. fxg3 d3 18. Qf2 O-O 19. b4 Nd7 20. Qxb6 axb6
21. cxd3 Nxe5 22. d4 Nd3 23. Nf3 Rfc8 24. Ne1 Nxe1 25. Rfxe1 Rc3 26. Rec1 Raxa3 27. Rxc3 Rxa1+ 28. Kf2 Ra2+ 29. Kf3 Rd2 30. Rc7 Rd3+
31. Ke2 Rxd4 32. Rxb7 Rxb4
0-1

[Event "Caro Special"]
[Site "SchemingMind.com"]
[Date "2016.12.24"]
[Round "-"]
[White "Glenn O'Brien"]
[Black "franxxx"]
[Result "1-0"]
[WhiteCountry "AUS"]
[BlackCountry "PHI"]
[WhiteElo "2042"]
[WhiteRD "83"]
[BlackElo "1205"]
[BlackRD "114"]
[GameID "408412"]

1. e4 c6 2. d4 d5 3. e5 e6 4. Nf3 Nd7 5. Bd3 g6 6. O-O f5 7. Ng5 Qe7 8. Nc3 h6 9. Nf3 a6 10. Re1 b5
11. a4 g5 12. axb5 Bb7 13. bxc6 Bxc6 14. Rxa6 Rc8 15. Nb5 g4 16. Nd6+ Kd8 17. Bd2 gxf3 18. Ba5+ Nb6 19. Bxb6+ Kd7 20. Ra7+ Bb7
21. Bb5+ Rc6 22. Rxb7#
1-0

[Event "Caro Special"]
[Site "SchemingMind.com"]
[Date "2016.12.23"]
[Round "-"]
[White "franxxx"]
[Black "Glenn O'Brien"]
[Result "0-1"]
[WhiteCountry "PHI"]
[BlackCountry "AUS"]
[WhiteElo "1205"]
[WhiteRD "114"]
[BlackElo "2042"]
[BlackRD "83"]
[GameID "408413"]

1. e4 c6 2. d4 d5 3. e5 Bf5 4. Nc3 e6 5. Nge2 c5 6. Ng3 Bg6 7. Bb5+ Nc6 8. O-O cxd4 9. Nce2 Bc5 10. Nf4 Ne7
11. Ngh5 O-O 12. Bd3 Nxe5 13. Nxg7 Kxg7 14. Nh5+ Kh8 15. Bg5 Nxd3 16. Bf6+ Kg8 17. cxd3 Qb6 18. Bxe7 Bxe7 19. g4 Qxb2 20. Qf3 Qa3
0-1